|
|
|
|
| LEADER |
00000cam a2200000 i 4500 |
| 001 |
1/44739 |
| 008 |
980528s1988 gr | ||| |||| ||gre|| |
| 020 |
|
|
|a 9607023021
|
| 035 |
|
|
|l 10071601
|
| 035 |
|
|
|l 10080910
|
| 035 |
|
|
|a 1995
|l 10043107
|
| 040 |
|
|
|a GR-MyUa
|b gre
|e AACR2
|
| 041 |
1 |
|
|a gre
|h eng
|
| 082 |
7 |
|
|a 523.1
|2 (21)
|
| 082 |
7 |
|
|a 523.101
|2 (22)
|
| 100 |
1 |
|
|a Hawking, Stephen,
|d 1942-2018.
|
| 245 |
1 |
3 |
|a Το χρονικό του χρόνου :
|b από τη μεγάλη έκρηξη ως τις μαύρες τρύπες /
|c Stephen W. Hawking ; εισαγωγή: Βασίλης Ξανθόπουλος ; μετάφραση και επιστημονική επιμέλεια: Κωνσταντίνος Χάρακας.
|
| 260 |
|
|
|a Αθήνα :
|b Κάτοπτρο,
|c c1988.
|
| 300 |
|
|
|a 272 σ. :
|b εικ. ;
|c 21 εκ.
|
| 500 |
|
|
|a Με: Τα δέκα πρόσωπα του σύμπαντος / Sir Fred Hoyle. - Μαύρες τρύπες, σύμπαντα - βρέφη και άλλα δοκίμια / Stephen Hawking. - Η θεωρία της εξέλιξης / Κ. Λάμπερτ
|
| 500 |
|
|
|a Τίτλος πρωτοτύπου: A brief history of time.
|
| 500 |
|
|
|a Το παράρτημα Σύρου διαθέτει την επαυξημένη, αναθεωρημένη έκδοση του 1997.
|
| 500 |
|
|
|a Το παράρτημα Σάμου το αντίτυπο 3 είναι επαυξημένη, αναθεωρημένη έκδοση του 1997.
|
| 500 |
|
|
|a Περιλαμβάνει ευρετήριο.
|
| 650 |
|
0 |
|a Cosmology.
|
| 650 |
|
0 |
|a Astronomy
|x Philosophy.
|
| 650 |
|
0 |
|a Planets
|x Origin.
|
| 650 |
|
0 |
|a Cosmogony.
|
| 700 |
1 |
|
|a Χάρακας, Κωνσταντίνος,
|e trl
|
| 700 |
1 |
|
|a Ξανθόπουλος, Βασίλης Κ.,
|d 1951-1990,
|e aui
|
| 852 |
|
|
|a INST
|b RHODES
|e 19980528
|h 523.1 HAW
|p 005400006309
|q 005400006309
|t BK
|y 0
|
| 852 |
|
|
|a INST
|b RHODES
|c KRI
|e 20051019
|h 523.101 HΟΥ
|p 005400030762
|q 005400030762
|t BK
|y 0
|
| 852 |
|
|
|a INST
|b SAMOS
|e 19950213
|h 523.1 HAW
|p 005300006264
|q 005300045706
|t BK
|y 0
|
| 852 |
|
|
|a INST
|b SAMOS
|e 20220124
|h 523.1 HAW
|p 005300047049
|q 005300047049
|t BK
|y 0
|
| 852 |
|
|
|a INST
|b SAMOS
|c MAG
|e 19941103
|h 523.1 HAW
|p 005300031951
|q 005300031951
|t BK
|y 0
|
| 852 |
|
|
|a INST
|b SYROS
|e 20031110
|h 523.1 HAW
|p 005500003183
|q 005500003183
|t BK
|y 0
|
| 901 |
|
|
|a BIBL5-2003-3
|
| 901 |
|
|
|a BIBL-1998-2
|
| 901 |
|
|
|a BIBL4-2005-3
|
| 922 |
|
|
|a 5ΕΛΗ
|b 200309
|c Βιβλιοθήκη Σύρου
|d Παπασωτηρίου
|
| 922 |
|
|
|a 4ΕΛΗ
|b 199802
|c ΚΠΣ/Ν
|d EMVASIS
|
| 950 |
|
|
|a 188-2003-09-08
|
| 970 |
|
|
|a Μανωλαράκη
|b Μαρία
|z 2003/11/19
|